| Literature - European long fiction | 0 | 6 | 0 | 0 | 60 | 35 | 73.00 | 2 | 4 |
| Literature - World/Misc poetry | 0 | 4 | 0 | 0 | 40 | 61 | 73.50 | 0 | 2 |
| Literature - European poetry | 0 | 4 | 0 | 0 | 40 | 31 | 68.00 | 2 | 2 |
| Literature - British any | 0 | 4 | 0 | 0 | 40 | 70 | 84.00 | 2 | 4 |
| Literature - British poetry | 0 | 4 | 0 | 0 | 40 | 46 | 48.00 | 4 | 4 |
| Literature - American any | 0 | 4 | 0 | 0 | 40 | 65 | 89.50 | 0 | 2 |
| Literature - British drama | 0 | 4 | 0 | 2 | 40 | 31 | 86.00 | 2 | 2 |
| Art - Painting/Sculpture | 0 | 4 | 2 | 0 | 30 | 41 | 75.00 | 0 | 2 |
| Social Science - Psychology | 0 | 2 | 0 | 0 | 20 | 104 | 104.00 | 0 | 0 |
| Literature - American short fiction | 0 | 2 | 0 | 2 | 20 | 139 | 139.00 | 0 | 0 |
| Literature - American long fiction | 0 | 2 | 0 | 2 | 20 | 128 | 128.00 | 0 | 0 |
| Art - Visual | 0 | 2 | 0 | 0 | 20 | 71 | 71.00 | 2 | 2 |
| Mythology - Egyptian | 0 | 2 | 0 | 0 | 20 | 115 | 115.00 | 0 | 0 |
| Mythology - Mixed/Any | 0 | 2 | 0 | 0 | 20 | 93 | 93.00 | 0 | 0 |
| Other Academic/Cross-Category - Any | 0 | 2 | 0 | 0 | 20 | 74 | 74.00 | 0 | 2 |
| Philosophy - Enlightenment | 0 | 2 | 0 | 0 | 20 | 36 | 36.00 | 2 | 2 |
| Philosophy - Mixed/Any | 0 | 2 | 0 | 0 | 20 | 105 | 105.00 | 0 | 2 |
| Social Science - Linguistics | 0 | 2 | 0 | 0 | 20 | 84 | 84.00 | 0 | 0 |
| Social Science - Mixed/Any | 0 | 2 | 0 | 0 | 20 | 111 | 111.00 | 0 | 0 |
| Literature - American poetry | 0 | 2 | 0 | 0 | 20 | 64 | 64.00 | 2 | 2 |
| History - Other | 0 | 2 | 0 | 0 | 20 | 38 | 38.00 | 2 | 2 |
| Literature - British short fiction | 0 | 2 | 0 | 0 | 20 | 84 | 84.00 | 0 | 0 |
| Literature - European drama | 0 | 2 | 0 | 0 | 20 | 25 | 25.00 | 0 | 2 |
| History - European | 0 | 2 | 0 | 0 | 20 | 32 | 32.00 | 2 | 2 |
| Geography - Asia | 0 | 2 | 0 | 0 | 20 | 130 | 130.00 | 0 | 0 |
| Literature - World/Misc drama | 0 | 2 | 0 | 0 | 20 | 41 | 41.00 | 2 | 2 |
| Literature - World/Misc long fiction | 0 | 2 | 2 | 0 | 10 | 46 | 46.00 | 0 | 2 |
| Literature - British long fiction | 0 | 2 | 4 | 0 | 0 | 83 | 83.00 | 2 | 2 |
| Literature - World/Misc short fiction | 0 | 0 | 2 | 0 | -10 | | 0.00 | 0 | 0 |
| Mythology - Americas | 0 | 0 | 2 | 0 | -10 | | 0.00 | 0 | 0 |
| Social Science - Economics | 0 | 0 | 2 | 0 | -10 | | 0.00 | 0 | 0 |
| Literature - World/Misc any | 0 | 0 | 2 | 0 | -10 | | 0.00 | 0 | 0 |
| Literature - American drama | 0 | 0 | 2 | 0 | -10 | | 0.00 | 0 | 0 |
| Social Science - IR | 0 | 0 | 2 | 0 | -10 | | 0.00 | 0 | 0 |
| Religion - Hinduism | 0 | 0 | 2 | 0 | -10 | | 0.00 | 0 | 0 |